[Event "Mecklenburg VP Verbandsliga 2223"]
[Site "Mecklenburg VP"]
[Date "2022.10.23"]
[Round "1.8"]
[White "Borchert, Ulf"]
[Black "Baier, Karsten"]
[Result "1/2-1/2"]
[WhiteElo "1990"]
[BlackElo "1984"]
[PlyCount "52"]
[EventDate "2022.10.23"]
[EventType "team-tourn"]
[EventRounds "9"]
[EventCountry "GER"]
[SourceTitle "EXT 2024"]
[Source "ChessBase"]
[SourceDate "2023.10.10"]
[SourceVersion "1"]
[SourceVersionDate "2023.10.10"]
[SourceQuality "1"]
[WhiteTeam "Wismar ASV Gruen-Weiss"]
[BlackTeam "Neubrandenburg SG Eintracht"]
[WhiteTeamCountry "GER"]
[BlackTeamCountry "GER"]

1. d4 Nf6 2. Nf3 g6 3. Bg5 Bg7 4. Nc3 d6 5. Qd2 0-0 6. Bh6 Bf5 7. Bxg7 Kxg7 8. Nh4 Qc8 9. Nxf5+ Qxf5 10. f3 d5 11. g4 Qc8 12. h4 h5 13. g5 Ng8 14. Nxd5 c6 15. Nf4 Rd8 16. 0-0-0 e5 17. Nd3 exd4 18. Qf4 Qe6 19. Kb1 Na6 20. Bh3 Qe7 21. Rhe1 Nc7 22. e4 dxe3 23. Rxe3 Qd6 24. Rde1 Qxf4 25. Nxf4 Rd4 26. Re4 Rad8 1/2-1/2

[Event "Mecklenburg VP Verbandsliga 2122"]
[Site "Mecklenburg VP"]
[Date "2022.03.06"]
[Round "6.6"]
[White "Wurst, Oliver"]
[Black "Baier, Karsten"]
[Result "0-1"]
[WhiteElo "1631"]
[BlackElo "1984"]
[PlyCount "65"]
[EventDate "2021.10.24"]
[EventType "team-tourn"]
[EventRounds "9"]
[EventCountry "GER"]
[SourceTitle "EXT 2024"]
[Source "ChessBase"]
[SourceDate "2023.10.10"]
[SourceVersion "1"]
[SourceVersionDate "2023.10.10"]
[SourceQuality "1"]
[WhiteTeam "Rostock SSC 07"]
[BlackTeam "Neubrandenburg SG Eintracht"]
[WhiteTeamCountry "GER"]
[BlackTeamCountry "GER"]

1. c4 e5 2. Nc3 c6 3. e3 Nf6 4. d4 e4 5. Nge2 Bb4 6. Qc2 d5 7. a3 Bxc3+ 8. Nxc3 0-0 9. Be2 Bf5 10. 0-0 Re8 11. Bd2 Nbd7 12. Qb3 Rb8 13. cxd5 Nxd5 14. Nxd5 Be6 15. Qa4 cxd5 16. Qxa7 Qg5 17. f4 exf3 18. Bxf3 Ra8 19. Qxb7 Rab8 20. Qc7 Rxb2 21. Qc3 Reb8 22. Rf2 R2b3 23. Qc1 Qg6 24. Bb4 Qd3 25. Re2 Nf6 26. Qd2 Qa6 27. Ree1 Bf5 28. Bd1 R3xb4 29. Be2 Rc4 30. Bxc4 dxc4 31. Qf2 Bd3 32. Qf4 Qa8 33. Rac1 0-1

[Event "Mecklenburg VP LL2 Ost 1819"]
[Site "Mecklenburg VP"]
[Date "2018.10.21"]
[Round "1.6"]
[White "Nickel, Reimo"]
[Black "Baier, Karsten"]
[Result "1/2-1/2"]
[WhiteElo "1710"]
[BlackElo "1875"]
[PlyCount "88"]
[EventDate "2018.10.21"]
[EventType "team-tourn"]
[EventRounds "9"]
[EventCountry "GER"]
[SourceTitle "EXT 2022"]
[Source "ChessBase"]
[SourceDate "2021.10.06"]
[SourceVersion "1"]
[SourceVersionDate "2021.10.06"]
[SourceQuality "1"]
[WhiteTeam "Waterkant Saal SV"]
[BlackTeam "Neubrandenburg SG Eintracht"]
[WhiteTeamCountry "GER"]
[BlackTeamCountry "GER"]

1. d4 Nf6 2. c3 d5 3. Bf4 e6 4. h3 Bd6 5. Bxd6 Qxd6 6. Nd2 0-0 7. Ngf3 Nbd7 8. e3 b6 9. Bd3 Bb7 10. Qc2 h6 11. 0-0 c5 12. b3 Rac8 13. Qb2 Rfe8 14. Bb5 a6 15. Be2 b5 16. Rac1 c4 17. b4 Ne4 18. Ra1 Nb6 19. Bd1 Ra8 20. a3 Nd7 21. Re1 e5 22. a4 exd4 23. Nxd4 Ne5 24. Be2 bxa4 25. Rxa4 Qf6 26. Nxe4 dxe4 27. Rf1 Nd3 28. Qa2 Rac8 29. Ra5 Re5 30. Qa4 Rce8 31. Qd7 Bc8 32. Qc7 Rxa5 33. bxa5 Qg5 34. Kh2 Qe5+ 35. Qxe5 Rxe5 36. Rb1 Bd7 37. Rb8+ Kh7 38. Rb7 Be8 39. Rc7 Rxa5 40. Rxc4 Nxf2 41. Rc8 Ba4 42. Ra8 Nd3 43. Ra7 Be8 44. Ra8 Ba4 1/2-1/2

[Event "Mecklenburg VP VL 1718"]
[Site "Mecklenburg VP"]
[Date "2017.10.08"]
[Round "1.4"]
[White "Baier, Karsten"]
[Black "Ehlers, Michael2222"]
[Result "1/2-1/2"]
[WhiteElo "1868"]
[BlackElo "1858"]
[PlyCount "33"]
[EventDate "2017.10.08"]
[EventType "team-tourn"]
[EventRounds "9"]
[EventCountry "GER"]
[SourceTitle "EXT 2022"]
[Source "ChessBase"]
[SourceDate "2021.10.06"]
[SourceVersion "1"]
[SourceVersionDate "2021.10.06"]
[SourceQuality "1"]
[WhiteTeam "Neubrandenburg SG Eintracht"]
[BlackTeam "Torgelow Droegeheide"]
[WhiteTeamCountry "GER"]
[BlackTeamCountry "GER"]

1. d4 Nf6 2. c4 g6 3. Nc3 d5 4. cxd5 Nxd5 5. e4 Nxc3 6. bxc3 Bg7 7. Bc4 0-0 8. Ne2 c5 9. 0-0 Nc6 10. Be3 Na5 11. Bd3 b6 12. Qa4 Bb7 13. Rad1 c4 14. Bb1 Bc6 15. Qc2 Qd7 16. Qd2 Rfd8 17. Bh6 1/2-1/2

[Event "Mecklenburg VP LL 1617"]
[Site "Mecklenburg VP"]
[Date "2017.04.02"]
[Round "8.6"]
[White "Hilpert, Andreas"]
[Black "Baier, Karsten"]
[Result "1/2-1/2"]
[WhiteElo "1787"]
[BlackElo "1839"]
[PlyCount "56"]
[EventDate "2016.10.16"]
[EventType "team-tourn"]
[EventRounds "9"]
[EventCountry "GER"]
[SourceTitle "EXT 2022"]
[Source "ChessBase"]
[SourceDate "2021.10.06"]
[SourceVersion "1"]
[SourceVersionDate "2021.10.06"]
[SourceQuality "1"]
[WhiteTeam "Ludwigslust VT 2000"]
[BlackTeam "Neubrandenburg SG Eintracht"]
[WhiteTeamCountry "GER"]
[BlackTeamCountry "GER"]

1. e4 d5 2. exd5 Nf6 3. d4 Nxd5 4. c4 Nb6 5. Nc3 Bf5 6. Nf3 e6 7. Qb3 c5 8. Be3 N8d7 9. Rd1 Qc8 10. a4 cxd4 11. Nxd4 Bg6 12. a5 Nc5 13. Qa2 Nbd7 14. Be2 Be7 15. 0-0 0-0 16. f4 Ne4 17. Nxe4 Bxe4 18. Nb5 Bc5 19. Qb3 Bc2 20. Qxc2 Bxe3+ 21. Kh1 g6 22. Nc3 Nf6 23. Rf3 Bc5 24. Na4 Qc7 25. Nxc5 Qxc5 26. Qd2 Rac8 27. b4 Qc7 28. c5 Rfd8 1/2-1/2

[Event "Mecklenburg VP LL2 Ost 1415"]
[Site "Mecklenburg VP"]
[Date "2014.11.23"]
[Round "3.7"]
[White "Baier, Karsten"]
[Black "Rath, Wolfgang"]
[Result "1-0"]
[WhiteElo "1860"]
[BlackElo "1607"]
[PlyCount "33"]
[EventDate "2014.09.21"]
[EventType "team-tourn"]
[EventRounds "9"]
[EventCountry "GER"]
[SourceTitle "EXT 2022"]
[Source "ChessBase"]
[SourceDate "2021.10.06"]
[SourceVersion "1"]
[SourceVersionDate "2021.10.06"]
[SourceQuality "1"]
[WhiteTeam "Neubrandenburg SG Eintracht"]
[BlackTeam "Graal Mueritz"]
[WhiteTeamCountry "GER"]
[BlackTeamCountry "GER"]

1. d4 Nf6 2. c4 d6 3. Nc3 g6 4. e4 Bg7 5. f4 0-0 6. Bd3 c5 7. d5 e6 8. Nge2 Re8 9. 0-0 exd5 10. exd5 Ng4 11. Rf3 Qh4 12. h3 Bd4+ 13. Nxd4 Re1+ 14. Qxe1 Qxe1+ 15. Rf1 Qg3 16. Nf3 Nf6 17. Ne2 1-0

[Event "Mecklenburg VP LL2 Ost 1314"]
[Site "Mecklenburg VP"]
[Date "2014.03.16"]
[Round "7.4"]
[White "Hollatz, Michael"]
[Black "Baier, Karsten"]
[Result "0-1"]
[WhiteElo "1743"]
[BlackElo "1894"]
[PlyCount "66"]
[EventDate "2013.10.27"]
[EventType "team-tourn"]
[EventRounds "9"]
[EventCountry "GER"]
[SourceTitle "EXT 2022"]
[Source "ChessBase"]
[SourceDate "2021.10.06"]
[SourceVersion "1"]
[SourceVersionDate "2021.10.06"]
[SourceQuality "1"]
[WhiteTeam "Gryps SV"]
[BlackTeam "Neubrandenburg SG Eintracht"]
[WhiteTeamCountry "GER"]
[BlackTeamCountry "GER"]

1. e4 d5 2. exd5 Nf6 3. Bc4 Nxd5 4. Nc3 e6 5. Nge2 Be7 6. d3 0-0 7. Bd2 Nc6 8. 0-0 Nb6 9. Bb3 Na5 10. Nd5 Nxb3 11. Nxe7+ Qxe7 12. axb3 e5 13. Re1 Bg4 14. f3 Bf5 15. Ng3 Bg6 16. Ra5 f6 17. f4 Nd7 18. Bc3 b6 19. Ra4 Rfe8 20. Rc4 c5 21. fxe5 fxe5 22. Ra4 b5 23. Ra6 b4 24. Bd2 Nf6 25. Bg5 Qb7 26. Qa1 Nd5 27. Ne4 Bxe4 28. Rxe4 h6 29. Bh4 Nf4 30. Bg3 Rf8 31. Ra5 Qc6 32. Rxa7 Rxa7 33. Qxa7 Qxe4 0-1

[Event "Mecklenburg VP LL2 Ost 1314"]
[Site "Mecklenburg VP"]
[Date "2014.02.23"]
[Round "6.5"]
[White "Nickel, Reimo"]
[Black "Baier, Karsten"]
[Result "1/2-1/2"]
[WhiteElo "1767"]
[BlackElo "1894"]
[PlyCount "33"]
[EventDate "2013.10.27"]
[EventType "team-tourn"]
[EventRounds "9"]
[EventCountry "GER"]
[SourceTitle "EXT 2022"]
[Source "ChessBase"]
[SourceDate "2021.10.06"]
[SourceVersion "1"]
[SourceVersionDate "2021.10.06"]
[SourceQuality "1"]
[WhiteTeam "Waterkant Saal SV"]
[BlackTeam "Neubrandenburg SG Eintracht"]
[WhiteTeamCountry "GER"]
[BlackTeamCountry "GER"]

1. d4 Nf6 2. c4 g6 3. Nf3 Bg7 4. Nc3 0-0 5. Bf4 d6 6. h3 Nbd7 7. e3 Re8 8. Be2 b6 9. 0-0 Bb7 10. Qc2 e6 11. Rac1 Qe7 12. Rfd1 Rac8 13. Nb5 a6 14. Nc3 e5 15. dxe5 Nxe5 16. Bxe5 dxe5 17. Rd2 1/2-1/2

[Event "Mecklenburg VP LL2 Ost 1314"]
[Site "Mecklenburg VP"]
[Date "2014.01.19"]
[Round "5.5"]
[White "Micheel, Peter"]
[Black "Baier, Karsten"]
[Result "1-0"]
[WhiteElo "1710"]
[BlackElo "1894"]
[PlyCount "59"]
[EventDate "2013.10.27"]
[EventType "team-tourn"]
[EventRounds "9"]
[EventCountry "GER"]
[SourceTitle "EXT 2022"]
[Source "ChessBase"]
[SourceDate "2021.10.06"]
[SourceVersion "1"]
[SourceVersionDate "2021.10.06"]
[SourceQuality "1"]
[WhiteTeam "Graal Mueritz"]
[BlackTeam "Neubrandenburg SG Eintracht"]
[WhiteTeamCountry "GER"]
[BlackTeamCountry "GER"]

1. e4 c5 2. Nf3 d6 3. d4 cxd4 4. Nxd4 Nc6 5. Bb5 Bd7 6. 0-0 a6 7. Nxc6 bxc6 8. Ba4 Nf6 9. Nc3 g6 10. h3 Bg7 11. Qf3 Qc7 12. Bb3 0-0 13. Bf4 Nh5 14. Bh2 Be6 15. Rfe1 Bxb3 16. axb3 e5 17. g4 Nf6 18. Qd3 a5 19. Red1 Rfd8 20. Qc4 Qb6 21. Kg2 Ne8 22. Bg1 Qb7 23. f3 Bh6 24. Rd3 Kf8 25. Rad1 Ke7 26. Na4 Qb4 27. Bf2 Qxc4 28. bxc4 Bf4 29. c5 dxc5 30. Bxc5+ 1-0

[Event "Mecklenburg VP LL2 Ost 1314"]
[Site "Mecklenburg VP"]
[Date "2013.11.10"]
[Round "2.4"]
[White "Ilanz, Kazimierz"]
[Black "Baier, Karsten"]
[Result "0-1"]
[WhiteElo "1602"]
[BlackElo "1894"]
[PlyCount "56"]
[EventDate "2013.10.27"]
[EventType "team-tourn"]
[EventRounds "9"]
[EventCountry "GER"]
[SourceTitle "EXT 2022"]
[Source "ChessBase"]
[SourceDate "2021.10.06"]
[SourceVersion "1"]
[SourceVersionDate "2021.10.06"]
[SourceQuality "1"]
[WhiteTeam "Binz Therme Ruegen"]
[BlackTeam "Neubrandenburg SG Eintracht"]
[WhiteTeamCountry "GER"]
[BlackTeamCountry "GER"]

1. e4 c5 2. Nf3 Nc6 3. d4 cxd4 4. Nxd4 g6 5. Nxc6 bxc6 6. Qd4 f6 7. Bc4 Bg7 8. Bxg8 Rxg8 9. Nc3 Ba6 10. Be3 Qc7 11. f4 Kf7 12. Kf2 Rgb8 13. b3 d6 14. Rad1 f5 15. Qd2 Bxc3 16. Qxc3 fxe4 17. Qd4 d5 18. Qc3 e6 19. g4 Kg8 20. h4 Rf8 21. Kg3 Be2 22. Rd2 Bf3 23. Rhh2 h5 24. g5 Rf5 25. Rdf2 Raf8 26. Rxf3 exf3 27. Qd2 e5 28. Kf2 e4 0-1

[Event "Mecklenburg VP LL2 Ost 1314"]
[Site "Mecklenburg VP"]
[Date "2013.10.27"]
[Round "1.5"]
[White "Winkler, Karl"]
[Black "Baier, Karsten"]
[Result "0-1"]
[WhiteElo "1774"]
[BlackElo "1894"]
[PlyCount "98"]
[EventDate "2013.10.27"]
[EventType "team-tourn"]
[EventRounds "9"]
[EventCountry "GER"]
[SourceTitle "EXT 2022"]
[Source "ChessBase"]
[SourceDate "2021.10.06"]
[SourceVersion "1"]
[SourceVersionDate "2021.10.06"]
[SourceQuality "1"]
[WhiteTeam "Neubrandenburg SG Eintracht II"]
[BlackTeam "Neubrandenburg SG Eintracht"]
[WhiteTeamCountry "GER"]
[BlackTeamCountry "GER"]

1. e4 c5 2. Nf3 Nc6 3. d4 cxd4 4. Nxd4 g6 5. Nc3 Bg7 6. Nxc6 bxc6 7. Bd2 d6 8. Bd3 Nf6 9. 0-0 0-0 10. Qc1 Rb8 11. Rb1 Bd7 12. Bh6 Qa5 13. Bxg7 Kxg7 14. Qe3 Ng4 15. Qg3 Ne5 16. f4 Qc5+ 17. Kh1 Nxd3 18. Qxd3 f5 19. e5 Be6 20. exd6 Bc4 21. Na4 Bxd3 22. Nxc5 Bxf1 23. Ne6+ Kf7 24. Nxf8 Kxf8 25. Rxf1 Rxb2 26. d7 Rb8 27. h4 e6 28. Rf3 Ke7 29. h5 Kxd7 30. hxg6 hxg6 31. Rg3 Rb2 32. Ra3 Rb7 33. Rg3 Rb4 34. Rd3+ Kc7 35. g3 Ra4 36. a3 Rc4 37. Re3 Kd6 38. Rd3+ Kc5 39. Rd7 Rc3 40. Rxa7 Rxg3 41. Rg7 Rg4 42. Rg8 Kc4 43. Re8 Kd5 44. Rg8 Rxf4 45. Rxg6 Rf3 46. c4+ Ke5 47. Rg2 Rxa3 48. Re2+ Kd6 49. Rc2 Re3 0-1

[Event "Mecklenburg VP VL 1112"]
[Site "Mecklenburg VP"]
[Date "2011.11.20"]
[Round "3.5"]
[White "Nauschuetz, Ernst"]
[Black "Baier, Karsten"]
[Result "0-1"]
[WhiteElo "1844"]
[BlackElo "1913"]
[PlyCount "86"]
[EventDate "2011.10.02"]
[EventType "team-tourn"]
[EventRounds "9"]
[EventCountry "GER"]
[SourceTitle "EXT 2022"]
[Source "ChessBase"]
[SourceDate "2021.10.06"]
[SourceVersion "1"]
[SourceVersionDate "2021.10.06"]
[SourceQuality "1"]
[WhiteTeam "Greifswald II"]
[BlackTeam "Neubrandenburg SG Eintracht"]
[WhiteTeamCountry "GER"]
[BlackTeamCountry "GER"]

1. c4 e5 2. g3 Nf6 3. Bg2 c6 4. d4 Bb4+ 5. Bd2 Bxd2+ 6. Qxd2 exd4 7. Qxd4 d6 8. Nf3 Be6 9. 0-0 d5 10. Rd1 Nbd7 11. Ng5 Qb6 12. Nxe6 fxe6 13. b3 Qxd4 14. Rxd4 0-0-0 15. Nc3 e5 16. Rd2 d4 17. Ne4 Nxe4 18. Bxe4 Nf6 19. Bf5+ Kc7 20. f3 c5 21. a3 Rhe8 22. b4 b6 23. bxc5 bxc5 24. Rb1 e4 25. Rdb2 Rb8 26. Rxb8 Rxb8 27. Rxb8 Kxb8 28. Bxe4 Nxe4 29. fxe4 Kc7 30. Kf2 Kd6 31. Kf3 Ke5 32. h4 h5 33. a4 a5 34. g4 hxg4+ 35. Kxg4 Kxe4 36. Kg5 Ke3 37. Kg6 Kxe2 38. h5 d3 39. Kxg7 d2 40. h6 d1Q 41. h7 Qd7+ 42. Kg8 Qxh7+ 43. Kxh7 Kd3 0-1

[Event "Mecklenburg VP LL 0910"]
[Site "Mecklenburg VP"]
[Date "2009.11.29"]
[Round "3.5"]
[White "Baier, Karsten"]
[Black "Otto, Martin"]
[Result "1-0"]
[WhiteElo "1931"]
[BlackElo "1838"]
[PlyCount "61"]
[EventDate "2009.10.18"]
[EventType "team-tourn"]
[EventRounds "9"]
[EventCountry "GER"]
[SourceTitle "EXT 2016"]
[Source "ChessBase"]
[SourceDate "2015.10.08"]
[SourceVersion "1"]
[SourceVersionDate "2015.10.08"]
[SourceQuality "1"]
[WhiteTeam "Neubrandenburg SG Eintracht"]
[BlackTeam "Torgelow Droegeheide"]
[WhiteTeamCountry "GER"]
[BlackTeamCountry "GER"]

1. d4 Nf6 2. Nf3 g6 3. Bg5 Bg7 4. Nbd2 d5 5. e3 0-0 6. Bd3 c6 7. 0-0 Qb6 8. b3 Nbd7 9. Rc1 Re8 10. c4 e5 11. dxe5 Nxe5 12. Nxe5 Rxe5 13. Bf4 Re8 14. c5 Qd8 15. Qc2 Nh5 16. Bd6 f5 17. Nf3 b5 18. Rfe1 a5 19. Nd4 Qd7 20. f4 Bb7 21. Nxf5 Bf6 22. Nd4 Rxe3 23. Be5 Rxe1+ 24. Rxe1 Re8 25. Bxg6 Nxf4 26. Bxe8 Qxe8 27. Qf5 Bh4 28. g3 Ng6 29. gxh4 Bc8 30. Qf6 Qd7 31. Bg3 1-0

[Event "Mecklenburg VP LL 0809"]
[Site "Mecklenburg VP"]
[Date "2009.02.01"]
[Round "6.5"]
[White "Oldach, Ehrenfried"]
[Black "Baier, Karsten"]
[Result "0-1"]
[WhiteElo "1912"]
[BlackElo "1850"]
[PlyCount "50"]
[EventDate "2008.10.05"]
[EventType "team-tourn"]
[EventRounds "9"]
[EventCountry "GER"]
[SourceTitle "EXT 2022"]
[Source "ChessBase"]
[SourceDate "2021.10.06"]
[SourceVersion "1"]
[SourceVersionDate "2021.10.06"]
[SourceQuality "1"]
[WhiteTeam "Warnemuende SF Ostsee"]
[BlackTeam "Neubrandenburg SG Eintracht"]
[WhiteTeamCountry "GER"]
[BlackTeamCountry "GER"]

1. e4 d5 2. exd5 Qxd5 3. Nc3 Qa5 4. d4 c6 5. Bc4 Nf6 6. Bd2 Qc7 7. Nge2 Bf5 8. Ng3 Bg6 9. 0-0 Nbd7 10. Bb3 0-0-0 11. f4 e6 12. Qe2 Bd6 13. Nce4 h5 14. Nxd6+ Qxd6 15. f5 exf5 16. Nxf5 Bxf5 17. Rxf5 Qxd4+ 18. Be3 Qxb2 19. Qf1 Qa3 20. Bd4 Ng4 21. Qf4 f6 22. Be6 g5 23. Qe4 Qd6 24. g3 Rhe8 25. Re1 Rxe6 0-1

[Event "Mecklenburg VP LL 0809"]
[Site "Mecklenburg VP"]
[Date "2009.01.18"]
[Round "5.5"]
[White "Baier, Karsten"]
[Black "Schroeder, Christian"]
[Result "1/2-1/2"]
[WhiteElo "1850"]
[BlackElo "1915"]
[PlyCount "39"]
[EventDate "2008.10.05"]
[EventType "team-tourn"]
[EventRounds "9"]
[EventCountry "GER"]
[SourceTitle "EXT 2022"]
[Source "ChessBase"]
[SourceDate "2021.10.06"]
[SourceVersion "1"]
[SourceVersionDate "2021.10.06"]
[SourceQuality "1"]
[WhiteTeam "Neubrandenburg SG Eintracht"]
[BlackTeam "Rostock HSG Uni"]
[WhiteTeamCountry "GER"]
[BlackTeamCountry "GER"]

1. d4 Nf6 2. c4 e6 3. Nf3 Bb4+ 4. Bd2 a5 5. a3 Be7 6. Nc3 d5 7. e3 c6 8. Bd3 0-0 9. 0-0 dxc4 10. Bxc4 Nbd7 11. Rc1 b5 12. Be2 Nb6 13. Ne5 Bb7 14. Bf3 Nbd5 15. Nxd5 cxd5 16. Nc6 Bxc6 17. Rxc6 b4 18. axb4 axb4 19. Qb3 Qd7 20. Rfc1 1/2-1/2

[Event "Mecklenburg VP LL 0809"]
[Site "Mecklenburg VP"]
[Date "2008.11.30"]
[Round "3.5"]
[White "Piske, Thomas"]
[Black "Baier, Karsten"]
[Result "0-1"]
[WhiteElo "1877"]
[BlackElo "1850"]
[PlyCount "82"]
[EventDate "2008.10.05"]
[EventType "team-tourn"]
[EventRounds "9"]
[EventCountry "GER"]
[SourceTitle "EXT 2022"]
[Source "ChessBase"]
[SourceDate "2021.10.06"]
[SourceVersion "1"]
[SourceVersionDate "2021.10.06"]
[SourceQuality "1"]
[WhiteTeam "Wismar ASV Gruen-Weiss"]
[BlackTeam "Neubrandenburg SG Eintracht"]
[WhiteTeamCountry "GER"]
[BlackTeamCountry "GER"]

1. e4 d5 2. exd5 Nf6 3. Bb5+ c6 4. dxc6 bxc6 5. Bc4 e5 6. Nc3 Bc5 7. h3 0-0 8. d3 Bf5 9. Bg5 Nbd7 10. Nf3 Qb6 11. 0-0 Qxb2 12. Na4 Qa3 13. Nxc5 Qxc5 14. Nh4 Be6 15. Bb3 Rfe8 16. Be3 Qb4 17. Nf3 a5 18. Ng5 Bxb3 19. axb3 a4 20. Qf3 e4 21. Nxe4 Nxe4 22. dxe4 axb3 23. cxb3 Qxb3 24. Rxa8 Rxa8 25. Qf4 Qe6 26. Qc7 Nf6 27. f3 h6 28. Rd1 Kh7 29. Qb7 Ra2 30. Qb4 Nd5 31. Qb3 Rxg2+ 32. Kxg2 Nf4+ 33. Bxf4 Qxb3 34. Rd2 c5 35. Be5 Qe3 36. Rc2 c4 37. Bc3 h5 38. Bd2 Qe2+ 39. Kg3 c3 40. Rxc3 Qxd2 41. Rc5 Qd6+ 0-1

[Event "Mecklenburg VP LL 0809"]
[Site "Mecklenburg VP"]
[Date "2008.10.26"]
[Round "2.5"]
[White "Baier, Karsten"]
[Black "Kohn, Andreas"]
[Result "1/2-1/2"]
[WhiteElo "1850"]
[BlackElo "1893"]
[PlyCount "75"]
[EventDate "2008.10.05"]
[EventType "team-tourn"]
[EventRounds "9"]
[EventCountry "GER"]
[SourceTitle "EXT 2022"]
[Source "ChessBase"]
[SourceDate "2021.10.06"]
[SourceVersion "1"]
[SourceVersionDate "2021.10.06"]
[SourceQuality "1"]
[WhiteTeam "Neubrandenburg SG Eintracht"]
[BlackTeam "Stralsund FHSG"]
[WhiteTeamCountry "GER"]
[BlackTeamCountry "GER"]

1. d4 Nf6 2. c4 e5 3. dxe5 Ng4 4. Bf4 Bb4+ 5. Nd2 Nc6 6. Ngf3 Qe7 7. e3 Ngxe5 8. Nxe5 Nxe5 9. a3 Bxd2+ 10. Qxd2 0-0 11. Be2 d6 12. 0-0 Bf5 13. Rac1 Be4 14. f3 Bc6 15. e4 Rfe8 16. b4 b6 17. Bg3 Rad8 18. Qc2 Nd7 19. Bd3 Nf6 20. Rce1 Nh5 21. Bf2 Nf4 22. Bd4 Qg5 23. g3 Nxd3 24. Qxd3 Re6 25. Qe3 Qg6 26. Qf2 Rde8 27. Re3 f5 28. exf5 Qxf5 29. Rxe6 Qxe6 30. c5 dxc5 31. bxc5 Qc4 32. Qb2 Re2 33. Qc3 Qxc3 34. Bxc3 Re3 35. Rc1 bxc5 36. Ba5 Rxa3 37. Bxc7 Bxf3 38. Rxc5 1/2-1/2